Statistics for Countries With the Most ISIS Fighters

Click here to take the quiz!

General Stats

  • This quiz has been taken 12,848 times
    (11,538 since last reset)
  • The average score is 15 of 21

Answer Stats

Size Country % Correct
40,000+Iraq
98%
25,000+Syria
96%
3,244Saudi Arabia
91%
1,500Turkey
89%
600Egypt
88%
650Pakistan
86%
850United Kingdom
83%
1,910France
82%
3,000Jordan
80%
3,417Russia
79%
600Libya
78%
915Germany
78%
890Lebanon
78%
1,660Morocco
69%
2,926Tunisia
65%
1,200China
62%
600Indonesia
58%
900Azerbaijan
50%
1,500Uzbekistan
48%
1,300Tajikistan
44%
528Belgium
42%

Score Distribution

Percentile by Number Answered

Percent of People with Each Score

Your Score History

You have not taken this quiz since the last reset